| 000 | 00000nam##2200000za#4500 |
| 001 | 9.571320 |
| 003 | CaOODSP |
| 005 | 20210624182651 |
| 007 | cr ||||||||||| |
| 008 | 150406|1998||||xxc|||||o f|0| 0 eng|d |
| 040 | |aCaOODSP|beng |
| 043 | |an-cn--- |
| 086 | 1 |aTU3-5/98-32E-PDF |
| 110 | 2 |aTransportation Safety Board of Canada. |
| 245 | 10|aStall/collision with trees on take-off, Piper PA 28-151 C-GDVL, Espanola West, Ontario, 27 July 1998 |h[electronic resource] |
| 260 | |aGatineau - Quebec : |bTransportation Safety Board of Canada |c[1999]. |
| 300 | |a7p.|bphotographs |
| 490 | 1 |aAviation investigation report |vA98O0190 |
| 500 | |a"The Board ... authorized the release of this report on 17 November 1999."--p.6 of 7. |
| 590 | |a12-18-Supp|b2012-04-25 |
| 775 | 08|tDécrochage et collision avec des arbres au décollage, Piper PA 28-151 C-GDVL, Espanola West (Ontario), le 27 juillet 1998 |w(CaOODSP)9.601935 |
| 830 | #0|aAviation investigation report ;|vA98O0190|w(CaOODSP)9.504825 |
| 856 | 40|ahttp://publications.gc.ca|qPDF|s311 KB|uhttps://publications.gc.ca/collections/collection_2011/bst-tsb/TU3-5-98-32-eng.pdf|yA98O0190 |